000
00326nam a2200133Ia 4500
008
150201s2014 xx 000 0 und d
082
_a
617.6
_b
D2011S
100
_a
SINGH ,JASPAL
245
_a
DENTISTRY PLUS
250
_a
1ST
260
_b
JAYPEE BROTHERS MEDICAL PUBLISHERS
650
_a
GENERAL DENTISTRY
942
_2
ddc
_c
BK
999
_c
4855
_d
4855